Luis Mateo Díez (Record no. 19117)
[ view plain ]
| 000 -LEADER | |
|---|---|
| campo de control de longitud fija | 00958nam a2200241 i 4500 |
| 001 - NÚMERO DE CONTROL | |
| campo de control | 19117 |
| 003 - IDENTIFICADOR DE NÚMERO DE CONTROL | |
| campo de control | ES-MaACL |
| 005 - FECHA Y HORA DE LA ÚLTIMA TRANSACCIÓN | |
| campo de control | 20231123155157.0 |
| 007 - CAMPO FIJO DE DESCRIPCIÓN FÍSICA--INFORMACIÓN GENERAL | |
| campo de control de longitud fija | t| |
| 008 - DATOS DE LONGITUD FIJA--INFORMACIÓN GENERAL | |
| campo de control de longitud fija | 020529s1999 sz ||||1| spa d |
| 080 ## - NÚMERO DE LA CLASIFICACIÓN DECIMAL UNIVERSAL | |
| Número de la Clasificación Decimal Universal | 821.134.2 Díez, Luis Mateo 1.06(063) |
| 111 2# - ENTRADA PRINCIPAL--NOMBRE DE CONGRESO/REUNIÓN | |
| Nombre de congreso/reunión o jurisdicción como elemento de entrada | Grand Séminaire ( |
| Fecha del congreso o de la firma del tratado | 1999. |
| Sede del congreso/Lugar de la reunión | Neuchâtel) |
| 9 (RLIN) | 752 |
| 245 10 - MENCIÓN DEL TÍTULO | |
| Título | Luis Mateo Díez |
| Resto del título | : Grand Séminaire, Universidad de Neuchâtel, 26-28 de octubre de 1999. |
| 260 ## - PUBLICACIÓN, DISTRIBUCIÓN, ETC. | |
| Lugar de publicación, distribución, etc. | Neuchâtel (Suiza) : |
| Nombre del editor, distribuidor, etc. | Centro de Investigación de Narrativa Española, Universidad de Neuchâtel, |
| Fecha de publicación, distribución, etc. | 1999. |
| 300 ## - DESCRIPCIÓN FÍSICA | |
| Extensión | 264 p. : |
| Otras características físicas | 1 retr. ; |
| Dimensiones | 21 cm. |
| 490 1# - MENCIÓN DE SERIE | |
| Mención de serie | Cuadernos de narrativa ; |
| Designación de volumen o secuencia | 4 |
| 504 ## - NOTA DE BIBLIOGRAFÍA, ETC. | |
| Nota de bibliografía, etc. | Bibliografía: p. 253-264. |
| 600 14 - PUNTO DE ACCESO ADICIONAL DE MATERIA--NOMBRE DE PERSONA | |
| Nombre de persona | Díez, Luis Mateo, |
| Fechas asociadas al nombre | 1942- |
| Subdivisión de forma | Congresos y asambleas |
| 9 (RLIN) | 172409 |
| 710 2# - ENTRADA AGREGADA--NOMBRE DE ENTIDAD CORPORATIVA | |
| Nombre de entidad corporativa o nombre de jurisdicción como elemento de entrada | Centro de Investigación de Narrativa Española (Neuchâtel) |
| 9 (RLIN) | 2699 |
| 830 1# - PUNTO DE ACCESO ADICIONAL DE SERIE-TÍTULO UNIFORME | |
| Título uniforme | Cuadernos de narrativa ; |
| Designación de volumen o secuencia | 4 |
| 9 (RLIN) | 228862 |
| 852 ## - LOCALIZACIÓN | |
| Ubicación | ES-MaACL |
| Número de control de estantería | L-25546 |
| Estatus retirado | Estado de pérdida | Estado de daño | No para préstamo | Biblioteca de origen | Biblioteca actual | Ubicación en estantería | Fecha de adquisición | Fuente de adquisición | Total de préstamos | Signatura topográfica completa | Código de barras | Visto por última vez | Precio de reemplazo | Tipo de ítem Koha |
|---|---|---|---|---|---|---|---|---|---|---|---|---|---|---|
| Biblioteca del Ateneo de Madrid | Biblioteca del Ateneo de Madrid | Depósito 2 | 17/01/2008 | L-25546 | 1019561 | 23/02/2023 | 23/02/2023 | Libro impreso |
